Papyrology /

محفوظ في:

مؤلف مشترك: Yale University. Department of Classics.

مؤلفون آخرون: Lewis, Naphtali

التنسيق: كتاب

اللغة: English

منشور في: Cambridge ; New York : Cambridge University Press, 1985.

سلاسل: Yale Classical Studies ; 28.
YCS ; 28.

الموضوعات:

الوسوم: إضافة وسم

لا توجد وسوم, كن أول من يضع وسما على هذه التسجيلة!

رقم الطلب: PA25 .Y3 v.28

LEADER 01226nam a22003377a 4500
003 OSt
005 20250915115611.0
008 250915s1985 enka g b 000 0 eng d
010 |a 84028591 
020 |a 0521300150 
040 |c ARCE Library 
043 |a f-ua--- 
050 1 4 |a PA25   |b .Y3 v.28 
245 0 0 |a Papyrology /   |c edited for the Department of Classics by Naphtali Lewis. 
264 1 |a Cambridge ;   |a New York :   |b Cambridge University Press,   |c 1985. 
300 |a x, 293 pages :  |b illustrations ;  |c 24 cm. 
490 1 |a Yale Classical Studies ;   |v 28. 
490 1 |a YCS ;   |v 28. 
504 |a Includes bibliographical references. 
650 0 |a History, Ancient  |v Sources. 
650 0 |a Manuscripts, Classical (Papyri) 
650 0 |a Manuscripts, Greek (Papyri)  |z Egypt.‪‪‪‪‪‪‪‪‪‪‪‪‪‪‪‪‪‪‪‪‪‪‪‪‪‪‪‪‪‪‪‪‪‪‪‪‪‪‪‪‪‪‪ 
650 0 |a Manuscripts, Latin (Papyri) 
651 0 |a Egypt  |x History  |y To 640 A.D.  |v Sources. 
700 1 |a Lewis, Naphtali, 
710 2 |a Yale University.  |b Department of Classics. 
830 0 |a Yale Classical Studies ;   |v 28. 
830 0 |a YCS ;   |v 28. 
901 |a reviewed 
942 |c BK  |2 lcc 
999 |c 22229  |d 22229